000 00370nam a2200133Ia 4500
008 100328s9999 xx 000 0 und d
082 _b60237
100 _aआपटे विद्या.
245 _aदीर्घकथा.
260 _bगं्रथाली.
630 _aदीर्घकथा.
730 _aदीर्घकथा.
942 _cBOOK
999 _c546399
_d546396